000
00234nmm a2200097Ia 4500
008
220120s9999||||xx |||||||||||||||||und||
082
_a
00 5.43 LEP
100
_a
Lepage, Yves Larrea, Poul
_9
3578
245
0
_a
Unix bible
260
_c
2000
999
_c
138868
_d
138868